[Event "Olomouc Proclient Cup"]
[Site "Olomouc"]
[Date "2000.08.10"]
[Round "11"]
[White "Simacek, Pavel"]
[Black "Held, Markus"]
[Result "1-0"]
[WhiteElo "2341"]
[BlackElo "2183"]
[PlyCount "47"]
[EventDate "2000.08.02"]
[EventType "tourn"]
[EventRounds "11"]
[EventCountry "CZE"]
[EventCategory "4"]
[SourceTitle "CBM 077 Extra"]
[Source "ChessBase"]
[SourceDate "2000.09.14"]
[SourceVersion "1"]
[SourceVersionDate "2000.09.14"]
[SourceQuality "1"]

1. e4 e5 2. Nf3 Nc6 3. Bb5 a6 4. Bxc6 dxc6 5. Nc3 Qd6 6. d4 exd4 7. Qxd4 Qxd4 8. Nxd4 Bd6 9. f4 Ne7 10. Be3 Bd7 11. 0-0 0-0-0 12. Rad1 Rhe8 13. Nb3 b6 14. Rxd6 cxd6 15. Bxb6 Be6 16. Bxd8 Kxd8 17. Nd4 Bc4 18. Rd1 c5 19. Nf3 Kc7 20. e5 dxe5 21. Nxe5 Be6 22. Ne4 Kb6 23. Rd6+ Kb5 24. Rxe6 1-0

[Event "Olomouc Proclient Cup"]
[Site "Olomouc"]
[Date "2000.08.08"]
[Round "9"]
[White "Pisk, Petr"]
[Black "Held, Markus"]
[Result "1/2-1/2"]
[WhiteElo "2400"]
[BlackElo "2183"]
[PlyCount "79"]
[EventDate "2000.08.02"]
[EventType "tourn"]
[EventRounds "11"]
[EventCountry "CZE"]
[EventCategory "4"]
[SourceTitle "CBM 077 Extra"]
[Source "ChessBase"]
[SourceDate "2000.09.14"]
[SourceVersion "1"]
[SourceVersionDate "2000.09.14"]
[SourceQuality "1"]

1. e4 e5 2. Nf3 Nc6 3. Bb5 a6 4. Ba4 Nf6 5. d4 exd4 6. 0-0 Be7 7. Re1 b5 8. e5 Nxe5 9. Rxe5 d6 10. Re1 bxa4 11. Nxd4 Bd7 12. Qf3 0-0 13. Nc6 Bxc6 14. Qxc6 Nd7 15. Nc3 Nb6 16. Nxa4 Nxa4 17. Qxa4 Bf6 18. c3 Re8 19. Bd2 Qb8 20. Rxe8+ Qxe8 21. Qxe8+ Rxe8 22. b3 Kf8 23. Re1 Rxe1+ 24. Bxe1 Ke7 25. Kf1 Ke6 26. Ke2 d5 27. Kd3 g6 28. Bd2 Be5 29. h3 h5 30. c4 c6 31. Be3 f5 32. f3 Bf6 33. Bf2 Bd8 34. Bd4 Be7 35. Bg7 Bd8 36. Kc3 Ba5+ 37. Kd3 Bd8 38. Bh8 Bb6 39. Bc3 Bd8 40. Bh8 1/2-1/2

[Event "Olomouc Proclient Cup"]
[Site "Olomouc"]
[Date "2000.08.04"]
[Round "4"]
[White "Prakken, Gerrit"]
[Black "Held, Markus"]
[Result "1-0"]
[WhiteElo "2280"]
[BlackElo "2183"]
[PlyCount "59"]
[EventDate "2000.08.02"]
[EventType "tourn"]
[EventRounds "11"]
[EventCountry "CZE"]
[EventCategory "4"]
[SourceTitle "CBM 077 Extra"]
[Source "ChessBase"]
[SourceDate "2000.09.14"]
[SourceVersion "1"]
[SourceVersionDate "2000.09.14"]
[SourceQuality "1"]

1. d4 Nf6 2. Nf3 e6 3. g3 d5 4. c4 dxc4 5. Bg2 c5 6. 0-0 Nc6 7. Ne5 Bd7 8. Na3 cxd4 9. Naxc4 Nxe5 10. Nxe5 Qb6 11. Bf4 Bc5 12. b4 Be7 13. Rc1 0-0 14. Nxd7 Nxd7 15. Rc7 Rad8 16. Rxb7 Qa6 17. Bc7 Ra8 18. Qxd4 Nf6 19. Ba5 Bd8 20. Bxd8 Rfxd8 21. Qb2 Nd5 22. Bxd5 Rxd5 23. Rc7 Rad8 24. Rfc1 h5 25. Kg2 h4 26. R1c4 hxg3 27. hxg3 R5d7 28. Rg4 g6 29. Rh4 Kf8 30. Qf6 1-0

[Event "Olomouc Proclient Cup"]
[Site "Olomouc"]
[Date "2000.08.02"]
[Round "1"]
[White "Held, Markus"]
[Black "Talla, Vladimir"]
[Result "0-1"]
[WhiteElo "2183"]
[BlackElo "2401"]
[PlyCount "74"]
[EventDate "2000.08.02"]
[EventType "tourn"]
[EventRounds "11"]
[EventCountry "CZE"]
[EventCategory "4"]
[SourceTitle "CBM 077 Extra"]
[Source "ChessBase"]
[SourceDate "2000.09.14"]
[SourceVersion "1"]
[SourceVersionDate "2000.09.14"]
[SourceQuality "1"]

1. Nf3 d5 2. d4 c6 3. c4 e6 4. Nc3 Nf6 5. cxd5 exd5 6. Qc2 g6 7. Bg5 Be7 8. e3 Bf5 9. Bd3 Bxd3 10. Qxd3 Nbd7 11. Bh6 Bf8 12. Bxf8 Kxf8 13. 0-0 Qe7 14. Rfc1 Kg7 15. Na4 Ne4 16. Nd2 Nd6 17. Nc5 Rhe8 18. Nxd7 Qxd7 19. Rc2 Re7 20. Rac1 Rf8 21. Nb3 f5 22. Nc5 Qd8 23. Qa3 f4 24. Qxa7 fxe3 25. fxe3 Rxe3 26. h3 Qe7 27. Kh2 Qh4 28. Qa5 Qg3+ 29. Kh1 b6 30. Qxb6 Re1+ 31. Rxe1 Qxe1+ 32. Kh2 Rf1 33. Qc7+ Kh6 34. g4 Rh1+ 35. Kg2 Rg1+ 36. Kf3 Rg3+ 37. Kf4 g5# 0-1

[Event "BL2-Ost 9900"]
[Site "Germany"]
[Date "1999.12.12"]
[Round "3.8"]
[White "Held, Markus"]
[Black "Doeres, Hans Juergen"]
[Result "0-1"]
[WhiteElo "2195"]
[BlackElo "2255"]
[PlyCount "128"]
[EventDate "1999.10.10"]
[EventType "team-tourn"]
[EventRounds "9"]
[EventCountry "GER"]
[SourceTitle "CBM 074 Extra"]
[Source "ChessBase"]
[SourceDate "2000.03.10"]
[SourceVersion "2"]
[SourceVersionDate "2000.03.10"]
[SourceQuality "1"]
[WhiteTeam "Wuerzburg"]
[BlackTeam "Forchheim"]
[WhiteTeamCountry "GER"]
[BlackTeamCountry "GER"]

1. c4 d6 2. Nc3 e5 3. Nf3 f5 4. d4 e4 5. Ng5 Nf6 6. g3 h6 7. Nh3 g5 8. Bg2 Qe7 9. 0-0 Be6 10. f3 Nbd7 11. fxe4 fxe4 12. Nf2 Bxc4 13. Nfxe4 Nxe4 14. Bxe4 0-0-0 15. Qa4 Ba6 16. b4 Nb6 17. Qc2 Bg7 18. Rd1 Bc4 19. a4 d5 20. a5 dxe4 21. axb6 axb6 22. Nxe4 Bf7 23. Ra8+ Kd7 24. Qa4+ c6 25. Nc5+ Ke8 26. Rxd8+ Qxd8 27. Ne4 Qd7 28. b5 Be6 29. Ba3 Kf7 30. Nd6+ Kg8 31. Qa8+ Kh7 32. Qxb7 Qxb7 33. Nxb7 cxb5 34. d5 Bd7 35. Nd6 Ra8 36. Bb4 Ra4 37. Rb1 Bf8 38. e4 Rxb4 39. Rxb4 Bxd6 40. Rb1 Kg7 41. Kf2 Kf6 42. Ke3 Ke5 43. Rf1 b4 44. Rf7 Bc5+ 45. Kd2 Bb5 46. d6 Kxd6 47. Rf6+ Ke5 48. Rxh6 Kxe4 49. h4 gxh4 50. Rxh4+ Kf3 51. g4 Kg3 52. Rh7 Kxg4 53. Rf7 Bc4 54. Rf6 Kg5 55. Rf3 Bd5 56. Rf1 Be4 57. Rf7 Bd4 58. Rd7 Bc5 59. Rf7 Bf5 60. Ra7 Kf4 61. Ra2 Ke5 62. Ra8 Kd4 63. Rh8 b3 64. Rh4+ Be4 0-1

[Event "Olomouc Mipap Cup"]
[Site "Olomouc"]
[Date "1999.08.16"]
[Round "11"]
[White "Held, Markus"]
[Black "Klima, Lukas"]
[Result "0-1"]
[WhiteElo "2195"]
[BlackElo "2310"]
[PlyCount "86"]
[EventDate "1999.08.06"]
[EventType "tourn"]
[EventRounds "11"]
[EventCountry "CZE"]
[EventCategory "4"]
[SourceTitle "CBM 071 Extra"]
[Source "ChessBase"]
[SourceDate "1999.09.14"]
[SourceVersion "1"]
[SourceVersionDate "1999.09.14"]
[SourceQuality "1"]

1. e4 g6 2. d4 d6 3. Nc3 Bg7 4. Be3 a6 5. Qd2 b5 6. h4 Bb7 7. f3 Nf6 8. Nge2 Nbd7 9. g4 h5 10. g5 Nh7 11. Ng3 c5 12. Be2 0-0 13. d5 Qc7 14. 0-0 e6 15. dxe6 fxe6 16. f4 b4 17. Nd1 d5 18. exd5 exd5 19. c3 Rad8 20. Kh2 d4 21. cxd4 cxd4 22. Bg1 Qd6 23. Rc1 Nb6 24. Bd3 Rde8 25. Ne2 Qd5 26. Ng3 Re6 27. f5 Be5 28. Kh3 Bxg3 29. fxe6 Qxe6+ 30. Bf5 Rxf5 31. Rxf5 Qxf5+ 32. Kxg3 Qg4+ 33. Kf2 Qg2+ 34. Ke1 Qxg1+ 35. Ke2 Qg4+ 36. Kf1 Qh3+ 37. Ke2 Bf3+ 38. Kd3 Qf5+ 39. Kxd4 Qe4+ 40. Kc5 Na4+ 41. Kd6 Nf8 42. Qe3 Qd5+ 43. Ke7 Qd7+ 0-1

[Event "Olomouc Mipap Cup"]
[Site "Olomouc"]
[Date "1999.08.06"]
[Round "1"]
[White "Sanchez Guirado, Francisco Javier"]
[Black "Held, Markus"]
[Result "1-0"]
[WhiteElo "2348"]
[BlackElo "2195"]
[PlyCount "63"]
[EventDate "1999.08.06"]
[EventType "tourn"]
[EventRounds "11"]
[EventCountry "CZE"]
[EventCategory "4"]
[SourceTitle "CBM 071 Extra"]
[Source "ChessBase"]
[SourceDate "1999.09.14"]
[SourceVersion "1"]
[SourceVersionDate "1999.09.14"]
[SourceQuality "1"]

1. Nf3 Nf6 2. c4 e6 3. Nc3 d5 4. e3 dxc4 5. Bxc4 c5 6. 0-0 a6 7. d4 b5 8. Bb3 Bb7 9. Qe2 Nbd7 10. Rd1 Qb6 11. a4 b4 12. a5 Qc7 13. Na4 Be7 14. dxc5 0-0 15. Bd2 Nxc5 16. Rdc1 Bxf3 17. Qxf3 Qe5 18. Nxc5 Bxc5 19. Rc2 Ne4 20. Be1 Rad8 21. Bc4 Rd6 22. Qe2 Ra8 23. Kh1 Rc6 24. Bd3 Bd6 25. f4 Qd5 26. Bc4 Qf5 27. g4 Qf6 28. Qg2 Qg6 29. f5 Qh6 30. fxe6 Qxe3 31. exf7+ Kh8 32. Re2 1-0

[Event "BL2-Ost 9899"]
[Site "Germany"]
[Date "1999.02.21"]
[Round "6.6"]
[White "Held, Markus"]
[Black "Kienast, Joerg"]
[Result "0-1"]
[WhiteElo "2245"]
[BlackElo "2210"]
[PlyCount "110"]
[EventDate "1998.10.18"]
[EventType "team-tourn"]
[EventRounds "9"]
[EventCountry "GER"]
[SourceTitle "GER-chT2"]
[Source "ChessBase"]
[SourceDate "1999.07.01"]
[SourceVersion "1"]
[SourceVersionDate "1999.07.01"]
[SourceQuality "1"]
[WhiteTeam "Wuerzburg"]
[BlackTeam "Schott Mainz"]
[WhiteTeamCountry "GER"]
[BlackTeamCountry "GER"]

1. d4 Nf6 2. c4 e6 3. Nc3 d5 4. cxd5 exd5 5. Bg5 Be7 6. e3 c6 7. Bd3 Nbd7 8. Qc2 0-0 9. Nf3 h6 10. Bh4 Re8 11. 0-0 Ne4 12. Bg3 Nxg3 13. hxg3 Nf6 14. Rab1 Bd6 15. b4 Bd7 16. Na4 b6 17. Nc3 Qe7 18. b5 Rac8 19. bxc6 Bxc6 20. Ba6 Bb7 21. Bxb7 Qxb7 22. Qb3 Rc4 23. Nb5 Bf8 24. Ne5 Rb4 25. Qd3 Rxb1 26. Qxb1 a6 27. Nc3 Rc8 28. Ne2 b5 29. Rc1 Ne4 30. Rxc8 Qxc8 31. Nf4 Nf6 32. Kf1 Qc3 33. Ne2 Qd2 34. Nf3 Ne4 35. Qb3 Bb4 36. Nxd2 Nxd2+ 37. Kg1 Nxb3 38. axb3 Bd2 39. Nf4 a5 40. Kf1 a4 41. bxa4 bxa4 42. Nd3 a3 43. Nc5 a2 44. Nb3 Bc3 45. Ke2 a1Q 46. Nxa1 Bxa1 47. Kd3 Kf8 48. e4 dxe4+ 49. Kxe4 Ke7 50. g4 Kd6 51. f4 g6 52. g5 h5 53. f5 Bb2 54. fxg6 fxg6 55. g4 hxg4 0-1

[Event "Wuerzburg op 14th"]
[Site "Wuerzburg"]
[Date "1998.??.??"]
[Round "5"]
[White "Bagirov, Vladimir"]
[Black "Held, Markus"]
[Result "1-0"]
[WhiteElo "2460"]
[BlackElo "2265"]
[PlyCount "73"]
[EventDate "1998.??.??"]
[EventType "swiss"]
[EventRounds "7"]
[EventCountry "GER"]
[SourceTitle "EXT 2001"]
[Source "ChessBase"]
[SourceDate "2000.11.22"]
[SourceVersion "1"]
[SourceVersionDate "2000.11.22"]
[SourceQuality "1"]

1. b3 e5 2. Bb2 Nc6 3. c4 d6 4. g3 f5 5. Bg2 Nf6 6. Nc3 Be7 7. d3 0-0 8. e3 Be6 9. Nd5 Rb8 10. Ne2 Qd7 11. Qd2 Rf7 12. f4 Bf8 13. Nxf6+ gxf6 14. Nc3 Ne7 15. d4 d5 16. dxe5 dxc4 17. Qxd7 Bxd7 18. 0-0-0 Be6 19. exf6 Rxf6 20. b4 Nc6 21. a3 Rf7 22. e4 fxe4 23. Nxe4 Be7 24. Rhe1 Bg4 25. Rd2 Kf8 26. Nf2 Nxb4 27. Nxg4 Nd3+ 28. Rxd3 cxd3 29. Nh6 b5 30. Nxf7 b4 31. Ne5 bxa3 32. Nd7+ Kf7 33. Rxe7+ Kxe7 34. Nxb8 axb2+ 35. Kxb2 Kd6 36. Kc3 Kc5 37. Nc6 1-0

[Event "BL2-Ost 9798"]
[Site "Germany"]
[Date "1998.??.??"]
[Round "8.6"]
[White "Held, Markus"]
[Black "Haag, Wolfgang"]
[Result "1/2-1/2"]
[WhiteElo "2315"]
[BlackElo "2315"]
[PlyCount "179"]
[EventDate "1997.10.??"]
[EventType "team-tourn"]
[EventRounds "9"]
[EventCountry "GER"]
[SourceTitle "EXT 1999"]
[Source "ChessBase"]
[SourceDate "1998.11.16"]
[SourceVersion "1"]
[SourceVersionDate "1998.11.16"]
[SourceQuality "1"]
[WhiteTeam "Bamberg"]
[BlackTeam "Marktheidenfeld"]
[WhiteTeamCountry "GER"]
[BlackTeamCountry "GER"]

1. e4 c5 2. Nf3 d6 3. d4 cxd4 4. Nxd4 Nf6 5. Nc3 a6 6. g3 e5 7. Nde2 Nbd7 8. Bg2 b6 9. h3 Bb7 10. g4 Nc5 11. Ng3 g6 12. 0-0 Ne6 13. Be3 h5 14. Nd5 Bxd5 15. exd5 Nf4 16. Bxf4 exf4 17. Re1+ Be7 18. Ne4 Kf8 19. c3 hxg4 20. hxg4 Rh4 21. Bf3 Qd7 22. Nxf6 Bxf6 23. Kg2 Kg7 24. Rh1 Rxh1 25. Qxh1 Be5 26. Qf1 b5 27. Qe2 Rc8 28. Rh1 Rc4 29. Qd3 Qc8 30. Be2 Rc5 31. Qh3 Kf8 32. Qh6+ Ke8 33. Bf3 b4 34. Re1 bxc3 35. bxc3 Kd7 36. Qh7 Qe8 37. Rb1 Rxc3 38. Rb7+ Rc7 39. Rxc7+ Kxc7 40. Qh1 Qa4 41. Qc1+ Kd8 42. Qb1 Ke7 43. Qb3 Qa5 44. Be2 Kf6 45. Qc4 Qa3 46. Qb3 Qa5 47. Qc4 Kg5 48. a4 Qe1 49. Bf3 a5 50. Qe2 Qb4 51. Qc2 Qd4 52. Qd1 Qc4 53. Be2 Qa2 54. Bf3 Qc4 55. Be2 Qc5 56. Bf3 Bd4 57. Qe2 Bf6 58. Qd2 Bd8 59. Qd3 Bb6 60. Qe2 Qd4 61. Qc2 Kf6 62. Qa2 Qd3 63. Be2 Qd4 64. Bf3 Kg5 65. Qc2 Bc5 66. Qa2 Qc3 67. Qe2 Kf6 68. Qa2 Qd3 69. Be2 Qe4+ 70. Bf3 Qe1 71. Qc2 Bd4 72. Qa2 Kg5 73. Qc2 Kf6 74. Qa2 Ke5 75. Qc2 Bc3 76. Qd3 Qd2 77. Qxd2 Bxd2 78. Kf1 f5 79. gxf5 Kxf5 80. Ke2 Bb4 81. Kd3 g5 82. Be4+ Ke5 83. Bf3 Bc5 84. Ke2 Kf5 85. Bh5 g4 86. Bf7 Ke4 87. Be6 g3 88. fxg3 fxg3 89. Kf1 Kf3 90. Bh3 1/2-1/2

[Event "Pyramiden Franken Cup 1st"]
[Site "Fuerth"]
[Date "1998.??.??"]
[Round "6"]
[White "Held, Markus"]
[Black "Hohner, Karl Heinz"]
[Result "1-0"]
[WhiteElo "2245"]
[BlackElo "1925"]
[PlyCount "49"]
[EventDate "1998.08.??"]
[EventType "swiss"]
[EventRounds "9"]
[EventCountry "GER"]
[SourceTitle "EXT 2001"]
[Source "ChessBase"]
[SourceDate "2000.11.22"]
[SourceVersion "1"]
[SourceVersionDate "2000.11.22"]
[SourceQuality "1"]

1. d4 Nf6 2. c4 d6 3. Nf3 g6 4. Nc3 Bg7 5. e4 0-0 6. Be2 e5 7. 0-0 exd4 8. Nxd4 Re8 9. f3 c6 10. Kh1 d5 11. cxd5 cxd5 12. Bb5 Bd7 13. exd5 Bxb5 14. Ndxb5 a6 15. Na3 b5 16. Nc2 Qd6 17. a3 Nbd7 18. Be3 Rac8 19. Re1 Rc4 20. Qd2 Rh4 21. h3 Rc8 22. Bg5 Rhc4 23. Nb4 Nh5 24. Nc6 Ng3+ 25. Kg1 1-0

[Event "Staufer op 10th"]
[Site "Schwaebisch Gmuend"]
[Date "1998.??.??"]
[Round "9"]
[White "Held, Markus"]
[Black "Lazarev, Vladimir"]
[Result "0-1"]
[WhiteElo "2265"]
[BlackElo "2490"]
[PlyCount "50"]
[EventDate "1998.01.??"]
[EventType "swiss"]
[EventRounds "9"]
[EventCountry "GER"]
[SourceTitle "CBM 062 Extra"]
[Source "ChessBase"]
[SourceDate "1998.03.09"]
[SourceVersion "1"]
[SourceVersionDate "1998.03.09"]
[SourceQuality "1"]

1. e4 c5 2. Nf3 d6 3. d4 cxd4 4. Nxd4 Nf6 5. Nc3 a6 6. f4 e6 7. Qf3 Nbd7 8. g4 h6 9. Nb3 Qc7 10. Be3 b5 11. Bd3 Bb7 12. 0-0-0 Be7 13. h4 h5 14. gxh5 Rxh5 15. Ne2 d5 16. Ng3 dxe4 17. Nxe4 0-0-0 18. Bd2 Nc5 19. Nbxc5 Rxc5 20. Kb1 Rc4 21. Rhe1 Nxe4 22. Bxe4 Rxe4 23. Rxe4 f5 24. Ba5 Qxa5 25. Rxd8+ Bxd8 0-1

[Event "Montecatini Terme op"]
[Site "Montecatini Terme"]
[Date "1998.??.??"]
[Round "4"]
[White "Held, Markus"]
[Black "Sulava, Nenad"]
[Result "0-1"]
[WhiteElo "2265"]
[BlackElo "2450"]
[PlyCount "66"]
[EventDate "1998.??.??"]
[EventType "swiss"]
[EventRounds "9"]
[EventCountry "ITA"]
[SourceTitle "EXT 2000"]
[Source "ChessBase"]
[SourceDate "1999.11.16"]
[SourceVersion "1"]
[SourceVersionDate "1999.11.16"]
[SourceQuality "1"]

1. e4 c5 2. Nf3 e6 3. d4 cxd4 4. Nxd4 a6 5. Bd3 Bc5 6. Nb3 Be7 7. 0-0 d6 8. Qe2 Nd7 9. f4 Qc7 10. c4 b6 11. Nc3 Ngf6 12. Bd2 Nc5 13. Nxc5 Qxc5+ 14. Kh1 Nd7 15. Rae1 Bb7 16. e5 dxe5 17. fxe5 Rd8 18. Bf4 Bh4 19. Rd1 g5 20. Qh5 gxf4 21. Qxh4 Qxe5 22. Rxf4 Nc5 23. Re1 Qxe1+ 24. Qxe1 Nxd3 25. Qf1 Nxf4 26. Qxf4 Rg8 27. h3 Rxg2 28. Qc7 Bf3 29. Qf4 Ba8 30. Nd5 Rg8 31. Qe5 Rxd5 32. cxd5 Bxd5+ 33. Kh2 Rg2+ 0-1

[Event "BL2-Ost 9798"]
[Site "Germany"]
[Date "1998.??.??"]
[Round "9.6"]
[White "Timpel, Klaus"]
[Black "Held, Markus"]
[Result "1-0"]
[WhiteElo "2295"]
[BlackElo "2315"]
[PlyCount "103"]
[EventDate "1997.10.??"]
[EventType "team-tourn"]
[EventRounds "9"]
[EventCountry "GER"]
[SourceTitle "EXT 1999"]
[Source "ChessBase"]
[SourceDate "1998.11.16"]
[SourceVersion "1"]
[SourceVersionDate "1998.11.16"]
[SourceQuality "1"]
[WhiteTeam "Schoeneck"]
[BlackTeam "Bamberg"]
[WhiteTeamCountry "GER"]
[BlackTeamCountry "GER"]

1. e4 e5 2. Nf3 Nc6 3. Bc4 Bc5 4. c3 Nf6 5. d3 a6 6. Bb3 d6 7. h3 0-0 8. 0-0 Bd7 9. Re1 Ne7 10. Be3 Ng6 11. Nbd2 Nh5 12. Nxe5 Nxe5 13. Qxh5 Nxd3 14. Re2 Be6 15. Qf3 Ne5 16. Qg3 Bxe3 17. Rxe3 Bxb3 18. axb3 Re8 19. f4 Ng6 20. Rf1 f6 21. Rfe1 Qd7 22. Qf3 Re7 23. Nf1 Rae8 24. g4 a5 25. Kh2 Qb5 26. Nd2 b6 27. Kg3 Qc6 28. h4 Nf8 29. Nf1 Nd7 30. Qe2 Kh8 31. Qc4 Nc5 32. e5 fxe5 33. fxe5 d5 34. Qf4 Ne4+ 35. Kh2 Rxe5 36. Ng3 Kg8 37. c4 Qf6 38. Qxf6 gxf6 39. cxd5 Nxg3 40. Rxe5 fxe5 41. Kxg3 Kf7 42. Kf3 Kg6 43. Ke4 Rf8 44. Rc1 Rf4+ 45. Kxe5 Rxg4 46. Rc6+ Kh5 47. Rxc7 h6 48. Rc4 Rg3 49. d6 Re3+ 50. Re4 Rd3 51. Rd4 Re3+ 52. Kd5 1-0

[Event "Budapest FS10 IM-A"]
[Site "Budapest"]
[Date "1997.10.14"]
[Round "10"]
[White "Stocek, Jiri"]
[Black "Held, Markus"]
[Result "1-0"]
[WhiteElo "2470"]
[BlackElo "2315"]
[PlyCount "53"]
[EventDate "1997.10.05"]
[EventType "tourn"]
[EventRounds "13"]
[EventCountry "HUN"]
[EventCategory "7"]
[SourceTitle "CBM 061 Extra"]
[Source "ChessBase"]
[SourceDate "1998.03.09"]
[SourceVersion "1"]
[SourceVersionDate "1998.03.09"]
[SourceQuality "1"]

1. d4 Nf6 2. c4 e6 3. Nc3 Bb4 4. Nf3 c5 5. g3 b6 6. Bg2 Bb7 7. 0-0 Bxc3 8. bxc3 d6 9. Bf4 0-0 10. a4 Na6 11. a5 Rc8 12. axb6 axb6 13. Qb3 d5 14. Rfb1 Nd7 15. cxd5 Bxd5 16. c4 Bb7 17. Qd3 Nf6 18. dxc5 Qxd3 19. exd3 Nxc5 20. Rxb6 Bxf3 21. Bxf3 Nxd3 22. Bd6 Rfd8 23. Rd1 Nd7 24. Rb5 Nxf2 25. Kxf2 Rxc4 26. Be7 Rc2+ 27. Be2 1-0

[Event "Budapest FS10 IM-A"]
[Site "Budapest"]
[Date "1997.10.11"]
[Round "7"]
[White "Held, Markus"]
[Black "Cao, Sang"]
[Result "1/2-1/2"]
[WhiteElo "2315"]
[BlackElo "2515"]
[PlyCount "143"]
[EventDate "1997.10.05"]
[EventType "tourn"]
[EventRounds "13"]
[EventCountry "HUN"]
[EventCategory "7"]
[SourceTitle "CBM 061 Extra"]
[Source "ChessBase"]
[SourceDate "1998.03.09"]
[SourceVersion "1"]
[SourceVersionDate "1998.03.09"]
[SourceQuality "1"]

1. e4 c5 2. Nf3 Nc6 3. Bb5 g6 4. Bxc6 dxc6 5. d3 Bg7 6. 0-0 Nf6 7. Nbd2 0-0 8. h3 Nh5 9. Nc4 Qc7 10. a4 Nf4 11. a5 Rd8 12. Be3 Be6 13. Nfd2 b5 14. axb6 axb6 15. Rxa8 Rxa8 16. Bxf4 Qxf4 17. Nxb6 Rb8 18. Na4 Bxb2 19. Nxc5 Bxh3 20. gxh3 Qg5+ 21. Kh1 Qxc5 22. Nc4 Bd4 23. f4 f5 24. exf5 Qxf5 25. Kg2 Rf8 26. Qg4 Qf6 27. Kg3 e5 28. h4 h5 29. Qg5 Qxg5+ 30. hxg5 Rf5 31. Re1 exf4+ 32. Kf3 Rxg5 33. Re6 c5 34. Kxf4 Rg4+ 35. Kf3 g5 36. Rh6 Rf4+ 37. Kg2 Rf2+ 38. Kg3 h4+ 39. Kg4 Bg7 40. Rc6 Rg2+ 41. Kh3 Rg3+ 42. Kh2 Bd4 43. Nd6 Be5 44. Ne4 Re3+ 45. Kh1 Bf4 46. Nxg5 Re1+ 47. Kg2 Bxg5 48. Rg6+ Kf7 49. Rxg5 Re2+ 50. Kh3 Rxc2 51. Kxh4 Kf6 52. Rd5 Ke6 53. Rd8 Rg2 54. Kh3 Rg7 55. Kh4 Ke5 56. Re8+ Kd5 57. Rd8+ Kc6 58. Rc8+ Kd6 59. Rd8+ Kc7 60. Re8 Kc6 61. Rd8 Rg1 62. Rc8+ Kb6 63. Rb8+ Kc7 64. Rb5 Rc1 65. Rb3 Kc6 66. Kg4 Kd5 67. Kf3 Kd4 68. Ke2 Rh1 69. Kd2 Rh3 70. Kc2 Rg3 71. Rc3 Rg2+ 72. Kb3 1/2-1/2

[Event "Budapest FS10 IM-A"]
[Site "Budapest"]
[Date "1997.10.10"]
[Round "6"]
[White "Ashley, Maurice"]
[Black "Held, Markus"]
[Result "1-0"]
[WhiteElo "2445"]
[BlackElo "2315"]
[PlyCount "81"]
[EventDate "1997.10.05"]
[EventType "tourn"]
[EventRounds "13"]
[EventCountry "HUN"]
[EventCategory "7"]
[SourceTitle "CBM 061 Extra"]
[Source "ChessBase"]
[SourceDate "1998.03.09"]
[SourceVersion "1"]
[SourceVersionDate "1998.03.09"]
[SourceQuality "1"]

1. e4 e5 2. Nf3 Nc6 3. d4 exd4 4. Nxd4 Nf6 5. Nxc6 bxc6 6. e5 Qe7 7. Qe2 Nd5 8. c4 Ba6 9. g3 g6 10. b3 Bg7 11. Bb2 0-0 12. Bh3 Nb6 13. 0-0 d5 14. Nd2 Rfe8 15. Rfe1 Rad8 16. Rac1 dxc4 17. Nxc4 Qb4 18. e6 Bxc4 19. Rxc4 Nxc4 20. exf7+ Kxf7 21. Be6+ Rxe6 22. Qxe6+ Kf8 23. Bf6 Qxe1+ 24. Qxe1 Bxf6 25. Qe6 Kg7 26. Qxc4 Rd6 27. Qe4 Kf7 28. Kg2 Bd4 29. g4 h6 30. h4 Bb6 31. Qf4+ Kg7 32. Qe5+ Kg8 33. Qe8+ Kg7 34. f4 Rd2+ 35. Kf3 Rd3+ 36. Ke2 Rd6 37. Qe7+ Kg8 38. f5 gxf5 39. gxf5 Bc5 40. Qxc7 Kf8 41. b4 1-0

[Event "Staufer op 09th"]
[Site "Schwaebisch Gmuend"]
[Date "1997.??.??"]
[Round "4"]
[White "Dueren, Jerome"]
[Black "Held, Markus"]
[Result "1/2-1/2"]
[WhiteElo "1905"]
[BlackElo "2230"]
[PlyCount "61"]
[EventDate "1997.01.??"]
[EventType "swiss"]
[EventRounds "9"]
[EventCountry "GER"]
[SourceTitle "EXT 1998"]
[Source "ChessBase"]
[SourceDate "1997.11.17"]
[SourceVersion "1"]
[SourceVersionDate "1997.11.17"]
[SourceQuality "1"]

1. e4 e5 2. Nf3 Nc6 3. Bb5 a6 4. Ba4 Nf6 5. 0-0 Be7 6. Re1 b5 7. Bb3 d6 8. c3 0-0 9. h3 Na5 10. Bc2 c5 11. d4 Qc7 12. Nbd2 cxd4 13. cxd4 Bb7 14. d5 Bc8 15. Nf1 Bd7 16. Ne3 Nb7 17. g4 Rfc8 18. Bb1 g6 19. Ng5 a5 20. h4 Nc5 21. Qf3 Rf8 22. Kh2 b4 23. Nh3 Ne8 24. Rg1 Ng7 25. h5 Kh8 26. h6 Ne8 27. Nf1 Nb3 28. Qxb3 Qxc1 29. Ne3 Qc5 30. Bd3 Rc8 31. Rac1 1/2-1/2

[Event "Staufer op 09th"]
[Site "Schwaebisch Gmuend"]
[Date "1997.??.??"]
[Round "1"]
[White "Held, Markus"]
[Black "Stuermer, Andree"]
[Result "1-0"]
[WhiteElo "2230"]
[BlackElo "1740"]
[PlyCount "105"]
[EventDate "1997.01.??"]
[EventType "swiss"]
[EventRounds "9"]
[EventCountry "GER"]
[SourceTitle "EXT 1998"]
[Source "ChessBase"]
[SourceDate "1997.11.17"]
[SourceVersion "1"]
[SourceVersionDate "1997.11.17"]
[SourceQuality "1"]

1. e4 Nf6 2. e5 Nd5 3. d4 d6 4. c4 Nb6 5. exd6 cxd6 6. Be3 g6 7. d5 N8d7 8. Nf3 Bg7 9. Nd4 0-0 10. Be2 Ne5 11. b3 e6 12. dxe6 fxe6 13. 0-0 Bd7 14. Nc3 Nf7 15. Qd2 Nc8 16. Rad1 Ne7 17. Rfe1 a6 18. Bf3 Qc7 19. g3 Rac8 20. Ne4 e5 21. Ne2 Bc6 22. N2c3 b5 23. Nd5 Bxd5 24. cxd5 Nf5 25. Rc1 Qb7 26. Bg4 Rxc1 27. Rxc1 Nxe3 28. fxe3 Bh6 29. Be6 Kg7 30. h4 Qa7 31. Rc3 Nd8 32. Kg2 Qe7 33. Bg4 Qf7 34. Rc1 Qa7 35. Re1 Qb6 36. Bh3 Kh8 37. g4 Rf7 38. g5 Bg7 39. Re2 b4 40. Qe1 Nb7 41. h5 Qb5 42. hxg6 Rf8 43. Rd2 Qe8 44. gxh7 Qg6 45. Qh4 Rf7 46. Be6 Rc7 47. Rf2 Nc5 48. Nxc5 Rxc5 49. Bf5 Qe8 50. e4 Qd8 51. Qh5 Qc7 52. Qg6 Qe7 53. Re2 1-0

[Event "Staufer op 09th"]
[Site "Schwaebisch Gmuend"]
[Date "1997.??.??"]
[Round "8"]
[White "Sadewasser, Axel"]
[Black "Held, Markus"]
[Result "1-0"]
[WhiteElo "2020"]
[BlackElo "2330"]
[PlyCount "115"]
[EventDate "1997.01.??"]
[EventType "swiss"]
[EventRounds "9"]
[EventCountry "GER"]
[SourceTitle "EXT 1998"]
[Source "ChessBase"]
[SourceDate "1997.11.17"]
[SourceVersion "1"]
[SourceVersionDate "1997.11.17"]
[SourceQuality "1"]

1. c4 e6 2. Nf3 d5 3. g3 dxc4 4. Qa4+ Nd7 5. Bg2 a6 6. Qxc4 c5 7. Qc2 Ngf6 8. Nc3 Rb8 9. d4 Bd6 10. 0-0 b5 11. dxc5 Nxc5 12. Rd1 Qc7 13. Rxd6 Qxd6 14. Bf4 Qb6 15. Nxb5 Nce4 16. Bxb8 Qxb8 17. Nc3 Nxc3 18. Qxc3 0-0 19. Ne5 Bb7 20. Bxb7 Qxb7 21. Rc1 Rd8 22. b3 Nd5 23. Qf3 f6 24. Nd3 Qb6 25. Qe4 e5 26. Rc5 Ne7 27. Qc4+ Kf8 28. Rc7 e4 29. Nf4 Rd6 30. Rxe7 Kxe7 31. Nd5+ Rxd5 32. Qxd5 Qb4 33. Kg2 g6 34. h4 a5 35. Qg8 e3 36. Qxh7+ Ke6 37. Qxg6 exf2 38. Kxf2 Qd4+ 39. Kf3 Qc3+ 40. Qd3 Qa1 41. Kg2 Qe5 42. a3 f5 43. Qc4+ Kf6 44. b4 a4 45. b5 Qb2 46. Qd3 Qb3 47. Qd6+ Kg7 48. b6 Qe3 49. Kf1 Qe4 50. Kf2 Qh1 51. Qd7+ Kf6 52. Qd6+ Kf7 53. Qc7+ Kf6 54. Qc3+ Kg6 55. Qf3 Qb1 56. Qc6+ Kh5 57. b7 Qb2 58. Qe8+ 1-0